000 00878nam a2200241 a 4500
001 000036882
005 20200930080009.0
008 100531s1995 sp a 000 0 spa d
020 _a8449301018
040 _aDO-SdBNP
_bspa
_cBNPHU
082 _axxxx
_bC873p
100 1 _aCovey, Stephen R.,
_d1932-
_941436
240 1 0 _aFirst things first.
_lEspañol
245 1 4 _aPrimero lo primero :
_bvivir, amar, aprender, dejar un legado /
_cStephen R. Covey, A. Roger Merrill, Rebecca R. Merrill ; traducción de Alejandra Bolanca y Adolfo Negrotto.
260 _aBarcelona :
_bPaidós,
_c1995.
300 _a480 p. :
_bil. ;
_c22 cm.
490 1 _aPaidós empresa
_v32
700 1 _aMerrill, A. Roger
_963256
700 1 _aMerrill, Rebecca R.
_963257
700 1 _aBolanca, Alejandra,
_etr.
_963258
700 1 _aNegrotto, Adolfo,
_etr.
_963259
830 0 _aPaidós empresa;
_v32
_941439
999 _c36373
_d36373